STN EN 13121-4: 2005 (69 8120) GRP (sklolaminátové) nádrže a nádoby na použitie nad zemou Časť 4 Dodávka, inštalácia a údržba
Norma je slovenskou verziou EN 13121-4: 2005
| Other Authors: | |
|---|---|
| Format: | Book |
| Language: | Slovak English |
| PhysicalDescription: | 19 s. obr., tab. 30 cm |
| Published: |
Bratislava
Slovenský ústav technickej normalizácie
2005
|
| Subjects: |
MARC
| LEADER | 00000nam a2200000 a 4500 | ||
|---|---|---|---|
| 001 | vtls009882430 | ||
| 003 | SK-MaSNL | ||
| 005 | 20260302044211.0 | ||
| 008 | 160627s2005 xo ka f u 000 0 slo | ||
| 015 | |a SNBN2011/03-02690 | ||
| 035 | |a (SVKBBclas03)vtls000226321 | ||
| 040 | |a SNK |b slo |c SNK |e AACR2 | ||
| 041 | 1 | |a slo |h eng | |
| 044 | |a xo |c SK | ||
| 046 | |m 200510 (účin.) | ||
| 072 | 7 | |a 628 |x Sanitárna technika. Vodárenstvo. Odpadové hospodárstvo. Svetelná technika |2 konspekt | |
| 080 | |a 628.134 |2 2001 | ||
| 080 | |a 006.7/.8 |2 2001 | ||
| 080 | |a (437.6) |2 2001 | ||
| 080 | |a (4) |2 2001 | ||
| 080 | |a (083) |2 2001 | ||
| 084 | |a 71.100.30 |2 ICS | ||
| 130 | 0 | |a STN 69 8120 (STN EN 13121-4) |9 699641 | |
| 245 | 1 | 0 | |a STN EN 13121-4: 2005 (69 8120) GRP (sklolaminátové) nádrže a nádoby na použitie nad zemou |n Časť 4 |p Dodávka, inštalácia a údržba |c spracovateľ Ladislava Brodňan |
| 246 | 1 | 0 | |a GRP (sklolaminátové) nádrže a nádoby na použitie nad zemou. Dodávka, inštalácia a údržba |
| 246 | 3 | |a EN 13121-4: 2005 | |
| 260 | |a Bratislava |b Slovenský ústav technickej normalizácie |c 2005 | ||
| 300 | |a 19 s. |b obr., tab. |c 30 cm | ||
| 500 | |a Dátum účinnosti opravy normy: jún 2007 | ||
| 520 | 8 | |a Norma je slovenskou verziou EN 13121-4: 2005 | |
| 650 | 0 | 7 | |a technické normy a štandardy |z Slovensko |2 SNKPH |9 79594 |
| 650 | 0 | 7 | |a technické normy a štandardy |z krajiny Európskej únie |2 SNKPH |9 289341 |
| 655 | 7 | |a normy |2 SNKPH |9 70643 | |
| 700 | 1 | |a Brodňan, Ladislav |4 trl |9 279836 | |
| 710 | 2 | |a Slovenský ústav technickej normalizácie (Bratislava, Slovensko) |b TK 68 Kotly a tlakové nádoby |4 stn |9 321388 | |
| 958 | |a OP | ||
| 999 | |c 1088913 |d 1090843 | ||
| 952 | |a SNK |b SNK |y PREZ |7 0 |p 17A0682341 |o snkSTN EN 13121-4/AC |i snk2010/27303 |8 0 |z Oprava AC/jún 2007 |0 0 |1 0 |4 0 |d 2010-12-09 |l 0 |r 2026-02-24 16:49:54 |w 2026-02-24 | ||
| 952 | |a SNK |b SNK |y PREZ |7 0 |p 17A0682340 |o snkSTN EN 13121-4/AC D1 |i snk2010/27304 |8 0 |z Oprava AC/jún 2007 |0 0 |1 0 |4 0 |d 2010-12-09 |l 0 |r 2026-02-24 16:49:54 |w 2026-02-24 | ||


